| 000 | 00735cam a22002775i 4500 | ||
|---|---|---|---|
| 999 |
_c6178 _d6178 |
||
| 001 | 18402201 | ||
| 003 | OSt | ||
| 005 | 20190116100121.0 | ||
| 008 | 141210s2015 tnu 000 0 eng | ||
| 010 | _a 2014959032 | ||
| 020 | _a9780718032883 | ||
| 040 |
_aDLC _beng _erda _cDLC |
||
| 042 | _apcc | ||
| 082 |
_a253 _bL897B |
||
| 100 | 1 | _aLovejoy, Shawn. | |
| 245 | 1 | 0 |
_aBe mean about the vision / _cShawn Lovejoy. |
| 263 | _a1610 | ||
| 264 | 1 |
_aNashville, TN : _bThomas Nelson, _c2015. |
|
| 300 | _apages cm | ||
| 336 |
_atext _btxt _2rdacontent |
||
| 337 |
_aunmediated _bn _2rdamedia |
||
| 338 |
_avolume _bnc _2rdacarrier |
||
| 906 |
_a0 _bibc _corignew _d2 _eepcn _f20 _gy-gencatlg |
||
| 942 |
_2ddc _cBK |
||